| 000 | 00343nam a2200133Ia 4500 | ||
|---|---|---|---|
| 008 | 240624s9999 xx 000 0 und d | ||
| 041 | _aeng | ||
| 082 | _a658.404 MID | ||
| 100 | _aMIDDLEWOOD DAVID | ||
| 245 | _aACHIEVING SUCCESS WITH YOUR LEADERSHIP P | ||
| 260 |
_c2012 _aNew Delhi _bSage |
||
| 300 | _ax, 185 p.; 23 cm. | ||
| 365 |
_cBPS _b32 |
||
| 999 |
_c30051 _d30051 |
||